[Event "tht Extraliga 16/17,Unichess-Lokomotiva Brno"]
[Site "Brno"]
[Date "2016.10.09"]
[Round "2.2"]
[White "Druska, Juraj"]
[Black "Cernousek, Lukas"]
[WhiteElo "2457"]
[BlackElo "2494"]
[Result "1/2-1/2"]
[PlyCount "228"]

1. d4 Nf6 2. Bg5 Ne4 3. Bf4 d5 4. e3 c5 5. Bd3 Nf6 6. c3 Nc6 7. Nd2 Bg4 8. Ngf3
e6 9. O-O Rc8 10. Qa4 Nd7 11. Ne5 Ndxe5 12. Bxe5 Qd7 13. Bg3 Bh5 14. dxc5 Bxc5
15. Qh4 g6 16. Nb3 Be7 17. Qa4 a6 18. f3 O-O 19. Rad1 Rfd8 20. e4 g5 21. exd5
exd5 22. Rfe1 Bg6 23. Bf2 Bxd3 24. Rxd3 Qf5 25. Rd2 Bd6 26. Rde2 Qf4 27. Qxf4
Bxf4 28. Rd1 b5 29. Nc5 a5 30. g3 Bc7 31. Na6 Be5 32. Bb6 Rd7 33. Nc5 Re7 34.
Rxd5 Rb8 35. f4 gxf4 36. gxf4 Bxc3 37. Rg2+ Bg7 38. Nd7 Rxd7 39. Rxd7 Rxb6 40.
Rd6 Kf8 41. Rc2 Nb4 42. Rc8+ Ke7 43. Rxb6 Bd4+ 44. Kg2 Bxb6 45. Kf3 Kd6 46. Ke4
Nd5 47. Rh8 a4 48. Rb8 Nf6+ 49. Kd3 Nd5 50. Ke4 h5 51. Rh8 Nf6+ 52. Kf5 Bd4 53.
b3 a3 54. Rf8 Ke7 55. Rb8 Ne8 56. Kg5 Nd6 57. Kxh5 Bc3 58. Kg4 b4 59. h4 Ne4
60. h5 Kf6 61. Rb6+ Kg7 62. h6+ Kh7 63. Kh5 Nc5 64. Rc6 Ne6 65. f5 Nf4+ 66. Kg4
Nd5 67. Kh5 Nf6+ 68. Kg5 Ng8 69. Rd6 Bb2 70. Rb6 Bc1+ 71. Kh5 Bd2 72. Rd6 Bxh6
73. Rd4 Bf8 74. Kg5 Kg7 75. Kf4 Nf6 76. Ke5 Be7 77. Rd2 Kf8 78. Rc2 Nd7+ 79.
Kd5 Nf6+ 80. Ke5 Ne8 81. Rc6 Kg7 82. Rc8 Bf6+ 83. Kd5 Kf8 84. Rb8 Bc3 85. f6
Bxf6 86. Rxb4 Nc7+ 87. Ke4 Ke7 88. Rb6 Bb2 89. b4 Kd7 90. b5 Kc8 91. Kd3 Nd5
92. Rc6+ Kb7 93. Kc4 Nb6+ 94. Kc5 Na4+ 95. Kc4 Nb6+ 96. Kc5 Nc8 97. Rh6 Be5 98.
Rh7 Bd6+ 99. Kc4 Be7 100. Kb3 f6 101. Ka4 Kb6 102. Rf7 Bd8 103. Kxa3 Kxb5 104.
Kb3 Nb6 105. Ra7 Kc6 106. a4 Bc7 107. a5 Nd5 108. Kc4 Ne3+ 109. Kd3 Nd5 110.
Ke4 Nb4 111. Kf5 Be5 112. Rf7 Kb5 113. Rxf6 Bxf6 114. Kxf6 Kxa5 1/2-1/2

[Event "tht Extraliga 16/17,Unichess-Lokomotiva Brno"]
[Site "Brno"]
[Date "2016.10.09"]
[Round "2.3"]
[White "Bernasek, Jan"]
[Black "Ramik, Zdenek"]
[WhiteElo "2507"]
[BlackElo "2213"]
[Result "1-0"]
[PlyCount "57"]

1. d4 Nf6 2. c4 e6 3. Nc3 Bb4 4. e3 c5 5. Nge2 Ne4 6. Qc2 Nxc3 7. bxc3 Ba5 8.
Ba3 Na6 9. g3 d6 10. Bg2 O-O 11. O-O Qe7 12. Rab1 Bd8 13. Rfd1 Qc7 14. Nf4 Be7
15. Be4 f5 16. Bg2 g5 17. Nxe6 Bxe6 18. Rxb7 Qd8 19. dxc5 Rb8 20. cxd6 Bf6 21.
Qa4 Rxb7 22. Bxb7 Nb8 23. c5 f4 24. exf4 gxf4 25. c6 Qb6 26. Qb4 fxg3 27. hxg3
Bxc3 28. Qxb6 axb6 29. d7 1-0

[Event "tht Extraliga 16/17,Unichess-Lokomotiva Brno"]
[Site "Brno"]
[Date "2016.10.09"]
[Round "2.4"]
[White "Skliba, Martin"]
[Black "Jurcik, Marian"]
[WhiteElo "2252"]
[BlackElo "2500"]
[Result "1-0"]
[PlyCount "127"]

1. d4 e6 2. c4 b6 3. a3 Ba6 4. Qc2 d5 5. cxd5 exd5 6. Nf3 c6 7. Nc3 Bd6 8. e4
Bxf1 9. Kxf1 dxe4 10. Nxe4 Ne7 11. h4 h6 12. Bd2 a5 13. Re1 Bc7 14. Rh3 Nd7 15.
d5 cxd5 16. Ng3 Kf8 17. Bc3 Nf6 18. Bxf6 gxf6 19. Nf5 Nxf5 20. Qxf5 Qd6 21. Nd4
Qf4 22. Rd1 Rd8 23. Qxf4 Bxf4 24. Rb3 Bc7 25. Nf5 h5 26. Rc3 Rd7 27. Rcd3 Rg8
28. Rxd5 Rxd5 29. Rxd5 Rg4 30. g3 Ke8 31. f4 Rg8 32. Kf2 Rg6 33. Kf3 Rg8 34. b4
axb4 35. axb4 Rh8 36. b5 Rg8 37. Rd3 Rh8 38. Ke4 Rg8 39. Rd1 Rh8 40. Rd5 Rg8
41. Kf3 Rh8 42. Ng7+ Ke7 43. Nxh5 Ke6 44. Ke4 Rg8 45. f5+ Ke7 46. Rd7+ Kxd7 47.
Nxf6+ Ke7 48. Nxg8+ Kf8 49. Nf6 Bxg3 50. h5 Kg7 51. Ng4 Be1 52. f6+ Kh7 53. Kd5
Bc3 54. Kc6 Bd4 55. Kd7 Kg8 56. Ke8 Bc3 57. h6 Bd4 58. h7+ Kxh7 59. Kxf7 Bc3
60. Ke8 Kg6 61. f7 Bb4 62. f8=Q Bxf8 63. Kxf8 Kf5 64. Ke7 1-0

[Event "tht Extraliga 16/17,Unichess-Lokomotiva Brno"]
[Site "Brno"]
[Date "2016.10.09"]
[Round "2.5"]
[White "Vavra, Pavel"]
[Black "Kratochvil, Vit"]
[WhiteElo "2391"]
[BlackElo "2252"]
[Result "1-0"]
[PlyCount "51"]

1. d4 g6 2. e4 Bg7 3. Nf3 c5 4. dxc5 Nc6 5. c3 Nf6 6. Bd3 O-O 7. O-O Qa5 8. b4
Qc7 9. Na3 a5 10. Rb1 Qb8 11. b5 Ne5 12. Nxe5 Qxe5 13. Nc4 Qxc5 14. Ba3 Qg5 15.
f4 Qh6 16. Nb6 d6 17. Nxa8 Bg4 18. Be2 Bxe2 19. Qxe2 Rxa8 20. c4 Nd7 21. e5 Nc5
22. Bxc5 dxc5 23. Rb3 Bf8 24. Qe4 Rb8 25. Rh3 Qg7 26. f5 1-0

[Event "tht Extraliga 16/17,Unichess-Lokomotiva Brno"]
[Site "Brno"]
[Date "2016.10.09"]
[Round "2.6"]
[White "Dvorak, Adam"]
[Black "Simek, Petr"]
[WhiteElo "2208"]
[BlackElo "2380"]
[Result "1/2-1/2"]
[PlyCount "82"]

1. d4 Nf6 2. c4 e6 3. Nf3 b6 4. g3 Bb7 5. Bg2 Be7 6. O-O O-O 7. Nc3 Na6 8. Bf4
Ne4 9. Nxe4 Bxe4 10. Rc1 Qc8 11. Qb3 Qb7 12. Rfd1 Rac8 13. Ne1 Bxg2 14. Nxg2
Bf6 15. Qb5 c6 16. Qb3 d5 17. Ne3 Rfd8 18. Ng4 Be7 19. c5 Nb8 20. Ne5 Qa6 21.
Nd3 Nd7 22. Nb4 Qb7 23. Nd3 Qa6 24. Nb4 Qb7 25. Nd3 Re8 26. Rc2 Qa6 27. Nb4 Qb7
28. Nd3 Qa8 29. Qa4 bxc5 30. dxc5 Bf8 31. e4 e5 32. Bc1 dxe4 33. Qxe4 Nf6 34.
Qf5 e4 35. Ne5 Rcd8 36. Rxd8 Qxd8 37. Rd2 Qa5 38. Nd7 Nd5 39. Ne5 Nf6 40. Nd7
Nd5 41. Ne5 Nf6 1/2-1/2

[Event "tht Extraliga 16/17,Unichess-Lokomotiva Brno"]
[Site "Brno"]
[Date "2016.10.09"]
[Round "2.7"]
[White "Kovar, Vojtech"]
[Black "Kratochvil, Karel"]
[WhiteElo "2369"]
[BlackElo "2173"]
[Result "0-1"]
[PlyCount "95"]

1. Nf3 Nf6 2. g3 g6 3. Bg2 Bg7 4. O-O O-O 5. d4 d5 6. a4 Bf5 7. c3 Nbd7 8. Qb3
Qc8 9. Bf4 c6 10. Nbd2 Nh5 11. Be3 Ndf6 12. Ne5 Ng4 13. Nxg4 Bxg4 14. Rfe1 Qd7
15. Nf3 f6 16. Nd2 e5 17. c4 dxc4 18. Qxc4+ Be6 19. Qc3 exd4 20. Bxd4 c5 21.
Be3 Rac8 22. Red1 f5 23. Qc2 Qf7 24. Rac1 f4 25. gxf4 Nxf4 26. Bf3 Bd4 27. Qe4
Bxe3 28. Qxe3 Nh3+ 29. Kg2 b6 30. Ne4 Nf4+ 31. Kh1 Qg7 32. Ng5 Rce8 33. Nxe6
Nxe6 34. Bc6 Re7 35. Rd7 Rxd7 36. Qxe6+ Rdf7 37. Be8 Qxb2 38. Rd1 Qf6 39. Bxf7+
Qxf7 40. Qxf7+ Rxf7 41. Kg2 c4 42. Rc1 Rc7 43. Kf3 a6 44. Ke3 b5 45. Kd4 Kf7
46. Rb1 c3 47. Kd3 b4 48. Kd4 0-1

[Event "tht Extraliga 16/17,Unichess-Lokomotiva Brno"]
[Site "Brno"]
[Date "2016.10.09"]
[Round "2.8"]
[White "Kulovana, Eva"]
[Black "Jurcik, Martin"]
[WhiteElo "2169"]
[BlackElo "2329"]
[Result "1/2-1/2"]
[PlyCount "38"]

1. e4 c5 2. Nf3 e6 3. d4 cxd4 4. Nxd4 Qb6 5. Nb3 a6 6. Bd3 d6 7. O-O Nf6 8. Nc3
Qc7 9. a4 b6 10. f4 Nc6 11. Qf3 Bb7 12. Qg3 g6 13. Be3 Bg7 14. f5 Ne5 15. fxe6
fxe6 16. Nd4 Bc8 17. Be2 O-O 18. Rad1 Bd7 19. Kh1 Qb7 1/2-1/2

[Event "tht Extraliga 16/17,Tatran Litovel-SK AD Jicin"]
[Site "Jicin"]
[Date "2016.10.09"]
[Round "2.1"]
[White "Zpevak, Pavel"]
[Black "Sethuraman, S.P."]
[WhiteElo "2343"]
[BlackElo "2633"]
[Result "0-1"]

1. d4  e6  2. c4  d5
3. Nf3  Nf6  4. Bg5
dxc4  5. Qa4+  Nbd7
6. e3  a6  7. Bxc4
h6  8. Bh4  Be7
9. O-O  O-O  10. Be2  b5
11. Qc2  Bb7  12. Nbd2
g5  13. Bg3  c5
14. dxc5  Nxc5  15. Rad1  Rc8
16. Qb1  Qb6  17. Nd4
Nfe4  18. Nxe4  Bxe4
19. Qa1  Bf6  20. Bf3
Bg6  21. Rd2  Rfd8
22. Rfd1  h5  23. h3
g4  24. hxg4  hxg4
25. b4  Nd3  26. Be2
Nxb4  27. Bxg4  Nd5
28. Rc1  b4  29. Rxc8
Rxc8  30. Qe1  a5
31. e4  Bxd4  32. exd5
Bc3  33. dxe6  f5
34. Bf3  Qc5  35. Bf4
a4  36. Qd1  Bxd2
37. Qxd2  b3  38. axb3
axb3  39. Bh6  Qe7
40. Bg5  Qg7  41. Qd7
Re8  42. Bf4  Qxd7
43. exd7  Rd8  0-1

[Event "tht Extraliga 16/17,Tatran Litovel-SK AD Jicin"]
[Site "Jicin"]
[Date "2016.10.09"]
[Round "2.2"]
[White "Pavlidis, Antonios"]
[Black "Rosko, Lubos"]
[WhiteElo "2530"]
[BlackElo "2360"]
[Result "1/2-1/2"]

1. e4  c5  2. Nf3  d6
3. d4  cxd4  4. Nxd4
Nf6  5. Nc3  Nc6
6. Bg5  e6  7. Qd2
h6  8. Bxf6  gxf6
9. O-O-O  a6  10. Kb1
Bd7  11. f4  Qb6
12. Nb3  O-O-O  13. Be2
h5  14. Rhf1  Be7
15. Rf3  Rdg8  16. Bf1
Kb8  17. Rd3  Bc8
18. a3  h4  19. Re1
Bd7  20. Na4  Qc7
21. Qe3  Na7  22. Rc3
Bc6  23. Nb6  Bd8
24. Nd5  Qd7  25. Nb6
Qc7  26. Nd5  Qd7
27. Nb6  Qc7  1/2-1/2

[Event "tht Extraliga 16/17,Tatran Litovel-SK AD Jicin"]
[Site "Jicin"]
[Date "2016.10.09"]
[Round "2.3"]
[White "Studnicka, Tomas"]
[Black "Bures, Jaroslav"]
[WhiteElo "2328"]
[BlackElo "2384"]
[Result "1/2-1/2"]

1. c4  c6  2. Nf3  d5
3. e3  Nf6  4. Nc3
g6  5. b3  Bg7
6. Bb2  O-O  7. Be2  a6
8. O-O  b5  9. Rc1
Qa5  10. a3  Bg4
11. h3  Bxf3  12. Bxf3
bxc4  13. bxc4  Nbd7
14. Na4  Ne4  15. Bxg7
Kxg7  16. Bxe4  dxe4
17. d4  exd3  18. Qxd3
Nf6  19. Qc2  1/2-1/2

[Event "tht Extraliga 16/17,Tatran Litovel-SK AD Jicin"]
[Site "Jicin"]
[Date "2016.10.09"]
[Round "2.4"]
[White "Kraus, Tomas"]
[Black "Kuchynka, Lukas"]
[WhiteElo "2406"]
[BlackElo "2260"]
[Result "1/2-1/2"]

1. e4  c6  2. c4  d5
3. exd5  cxd5  4. cxd5
Nf6  5. Qa4+  Nbd7
6. Nc3  g6  7. Bc4
Bg7  8. d3  a6
9. Qa3  b6  10. Nf3  Bb7
11. O-O  b5  12. Bb3
Rc8  13. Re1  Nc5
14. Ne4  Nfxe4  15. dxe4
Nd3  16. Bc2  Nxe1
17. Nxe1  Qb6  18. Be3
Bd4  19. Bxd4  Qxd4
20. Rd1  Qf6  21. b4
O-O  22. Bb3  1/2-1/2

[Event "tht Extraliga 16/17,Tatran Litovel-SK AD Jicin"]
[Site "Jicin"]
[Date "2016.10.09"]
[Round "2.5"]
[White "Straka, Vojtech"]
[Black "Vykouk, Jan"]
[WhiteElo "2341"]
[BlackElo "2428"]
[Result "1/2-1/2"]

1. c4  c5  2. Nc3  Nc6
3. g3  g6  4. Bg2
Bg7  5. e4  Nf6
6. Nge2  O-O  7. O-O  Ne8
8. d3  Nc7  9. Be3
Ne6  10. Qd2  d6
11. f4  Ned4  12. Rae1
Qa5  13. f5  Rb8
14. Bh6  b5  15. Rf2
bxc4  16. dxc4  Rxb2
17. Qxb2  Bxh6  18. Rff1
Ba6  19. Nxd4  cxd4
20. Nb5  Be3+  21. Kh1
Ne5  22. Nxd4  Nxc4
23. Qa1  Bh6  24. f6
exf6  25. Nc6  Qc7
26. Nb4  Bb7  27. Qd4
a5  28. Nd5  Bxd5
29. exd5  Ne5  30. Rb1
f5  31. Qb6  Qc2
1/2-1/2

[Event "tht Extraliga 16/17,Tatran Litovel-SK AD Jicin"]
[Site "Jicin"]
[Date "2016.10.09"]
[Round "2.6"]
[White "Svoboda, Svatopluk"]
[Black "Hollan, Petr"]
[WhiteElo "2441"]
[BlackElo "2288"]
[Result "1-0"]

1. e4  c5  2. Nf3  d6
3. d4  cxd4  4. Nxd4
Nf6  5. Nc3  a6
6. Bg5  e6  7. f4  Qb6
8. Qd2  Qxb2  9. Rb1
Qa3  10. e5  dxe5
11. fxe5  Nfd7  12. Ne4
Qxa2  13. Rd1  Qd5
14. Qe3  Qxe5  15. Be2
Nc6  16. Nxc6  bxc6
17. O-O  Bb4  18. Bf4
Bc5  19. Nxc5  Qxc5
20. Rd4  O-O  21. Bd6
Qa7  22. Bxf8 Nxf8  23. Kh1
Rb8  24. Qf4  e5
25. Qxe5  Be6  26. Rfd1
Qb6  27. Bxa6  Re8
28. Bf1  h6  29. Qd6
Ng6  30. Bd3  Ne7
31. Rb4  Qa7  32. Rdb1
Bd5 33. Rb8  Nc8  34. Qg3
Qe7  35. h3  Be6
36. Ra8  Rf8  37. Rbb8
c5  38. Be4  Bxh3
39. Qxh3  Qxe4  40. Rxc8
Qe1+  41. Kh2  Qe5+
42. g3  Qe2+  43. Qg2
Qh5+  44. Kg1  Qd1+
45. Qf1  Qd4+  46. Kh2
Qd2+  47. Qg2  1-0

[Event "tht Extraliga 16/17,Tatran Litovel-SK AD Jicin"]
[Site "Jicin"]
[Date "2016.10.09"]
[Round "2.7"]
[White "Belunek, Vladimir"]
[Black "Svoboda, Vaclav"]
[WhiteElo "2223"]
[BlackElo "2426"]
[Result "1/2-1/2"]

1. d4  Nf6  2. c4  e6
3. Nc3  Bb4  4. e3
d5  5. Nge2  O-O
6. a3  Bd6  7. c5
Be7  8. b4  c6
9. Bd2  b6  10. f4  Ba6
11. Nc1  Bxf1  12. Rxf1
a5  13. Nd3  Nbd7
14. Kf2  Ne4+  15. Kg1
Nxc3  16. Bxc3  axb4
17. axb4  Nf6  18. Qc2
Qc7  19. Rfb1  Qb7
20. Be1  Ne4  21. Nf2
Nxf2  22. Kxf2  Ra6
23. Bc3  Rfa8  24. Rxa6
Qxa6  25. Ra1  Qb7
26. Qb2  bxc5  27. bxc5
Qxb2+  28. Bxb2  Rxa1
29. Bxa1  Kf8  30. Bc3
Ke8  31. Ba5  Kd7
32. Ke2  f6  33. g4
g6  34. h3  h6
35. h4  h5  36. gxh5  gxh5
37. f5  exf5  38. Kf3
Bf8  39. Be1  Be7
40. Bg3  Bd8  41. Bd6
Ba5  42. Bg3  Ke6
43. Bf2  Bd8  44. Bg3
Be7  45. Bf4  Bf8
46. Bg3  Kd7  47. Bf4
Kc8  48. Bg3  Bh6
49. Bf4  Bg7  50. Bd6
Bh6  51. Bf4  Bf8
52. Bg3  Kb7  53. Bd6
Bh6  54. Bf4  Bg7
55. Bd6  Ka6  56. Be7
Kb5  57. Kf4  Bh6+
58. Kxf5  Bxe3  59. Bxf6
Kc4  60. Ke6  Bxd4
61. Bxd4  Kxd4  62. Kd6
Ke3  63. Kxc6  d4
64. Kb6  d3  65. c6
d2  66. c7  d1=Q
67. c8=Q  Qb3+  68. Ka5
Qd5+  69. Kb4  Kf3
70. Qh3+  Kf4  71. Kc3
Qd1  72. Qg2  Qa1+
73. Kd3  Qa6+  74. Kd4
Qf6+  75. Kd3  Qxh4
76. Qe4+  1/2-1/2

[Event "tht Extraliga 16/17,Tatran Litovel-SK AD Jicin"]
[Site "Jicin"]
[Date "2016.10.09"]
[Round "2.8"]
[White "Kourousis, Epaminondas"]
[Black "Krejci, Jan"]
[WhiteElo "2378"]
[BlackElo "2147"]
[Result "1-0"]

1. Nf3  d5  2. g3  Bf5
3. Bg2  c6  4. O-O
e6  5. d3  Nf6
6. Nbd2  Be7  7. b3  O-O
8. Bb2  Nbd7  9. c4
h6  10. Rc1  a5
11. a3  Rc8  12. Rc2  Qb6
13. Qa1  Bh7  14. Bh3
Rcd8  15. cxd5  exd5
16. Nd4  Ne8  17. Nf5
Bf6  18. Bd4  Bxd4
19. Qxd4  Qxd4  20. Nxd4
Nd6  21. b4  axb4
22. axb4  Rfe8  23. N2b3
Ne5  24. Ra2  f5
25. Ra7  Rb8  26. Nc5
Nef7  27. Rfa1  Bg6
28. R1a2  Ng5  29. Bg2
Bf7  30. f4  Ne6
31. Ncxe6  Bxe6  32. b5
Nxb5  33. Nxb5  cxb5
34. Rb2  Bf7  35. Kf2
Red8  36. Rxb5  Rd7
37. Ke3  Re8+  38. Kd2
Rb8  39. Kc3  g5
40. Kd4  Re7  41. e3
Kg7  42. Bxd5  Bxd5
43. Rxd5  Kf6  44. Raa5
b5  45. Raxb5  Rxb5
46. Rxb5  gxf4  47. gxf4
Rd7+  48. Rd5  Re7
49. Rd6+  Kg7  50. h4
h5  51. e4  fxe4
52. dxe4  Ra7  53. f5
Ra1  54. Rg6+  Kh7
55. Rg5  Kh6  56. f6 1-0

[Event "tht Extraliga 16/17,BSS Frydek Mistek-Rapid Pardubice"]
[Site "Pardubice"]
[Date "2016.10.09"]
[Round "2.1"]
[White "Korobov, Anton"]
[Black "Balogh, Csaba"]
[WhiteElo "2687"]
[BlackElo "2621"]
[Result "1/2-1/2"]

1. d4 d5  2. c4  c6  3. Nc3
Nf6  4. e3  g6
5. Nf3  Bg7  6. Be2  O-O
7. O-O  Bg4  8. cxd5
cxd5  9. Qb3  b6
10. h3  Bc8  11. Ne5
Bb7  12. Bd2  Nc6
13. Nxc6  Bxc6  14. Rfc1
Qd7  15. a4  Rfc8
16. a5  Rab8  17. Ba6
Re8  18. Qc2  bxa5
19. Rxa5  Rb6  20. b4
Rxb4  21. Nxd5  Nxd5
22. Qxc6  Qxc6  23. Rxc6
Rb6  24. Rxb6  Nxb6
25. Bb5  Ra8  26. Kf1
e6  27. Ke2  Nc8
28. Kd3  Nd6  29. Ba4
h5  30. Ra6  Bf8
31. Bc6  Rc8  32. e4
Rb8  33. Rxa7  Rb3+
34. Kc2  Rb6  35. d5
Nxe4  36. Ba5  Rb8
37. dxe6  Rc8  38. exf7+
Kg7  39. Rc7  Rxc7
40. Bxc7  Nd6  41. Ba5
Nxf7  42. Bc3+  Kh7
43. Bd5  Nh6  44. Kd3
Bg7  45. Bb4  Bf6
46. Ke4  Kg7  47. Be6
Nf7  48. f4  Nd8
49. Bd5  Nf7  50. Bb3
Nh6  51. Be6  Nf7
52. Kd5  Nd8  53. Bc8
Nf7  54. Ba6  Nd8
55. Bd3  Kf7  56. Ba3
Kg7  57. Kd6  Nf7+
58. Ke6  Bc3  59. Be7
Nh6  60. Be4  Bb2
61. Bc5  Nf7  62. Ke7
Nh6  63. Ke8  Kh7
64. Bd6  Bc3  65. Be5
Bb4  66. Bd5  Bc5
67. Be6  Be3  68. Ke7
Bc5+  69. Kf6  Bf8
70. g4  hxg4  71. hxg4
Bg7+  72. Ke7  g5
73. Bf5+  Kh8  74. Bc7
gxf4  75. Bxf4  Nxg4
1/2-1/2

[Event "tht Extraliga 16/17,BSS Frydek Mistek-Rapid Pardubice"]
[Site "Pardubice"]
[Date "2016.10.09"]
[Round "2.2"]
[White "Fier, Alexandr"]
[Black "Azarov, Sergei"]
[WhiteElo "2614"]
[BlackElo "2577"]
[Result "0-1"]

1. d4  d5  2. c4  e6
3. Nc3  Be7  4. cxd5
exd5  5. Bf4  c6
6. e3  Bf5  7. g4
Be6  8. h3  Nd7
9. Bd3  g5  10. Bh2  h5
11. f3  Nb6  12. Qc2
Bd6  13. O-O-O  Nf6
14. Bxd6  Qxd6  15. Nge2
hxg4  16. hxg4  O-O-O
17. Rdg1  Rhe8  18. Ng3
Kb8  19. b3  Ka8
20. Rh6  Nfd7  21. Kb2
Rc8  22. Qh2  Qf8
23. Nge2  c5  24. Bb5
a6  25. Bxd7  Nxd7
26. a3  f5  27. f4
Bg8  28. fxg5  Rxe3
29. Qf4  Qe7  30. Rg2
cxd4  31. Qxd4  Nc5
32. gxf5  Rd3  33. f6
Qe8  34. Qb4  Rd2+
35. Kc1  Qe3  36. Rg3
Nd3+  37. Kb1  Rd1+ 38. Nxd1
Rc1+  0-1

[Event "tht Extraliga 16/17,BSS Frydek Mistek-Rapid Pardubice"]
[Site "Pardubice"]
[Date "2016.10.09"]
[Round "2.3"]
[White "Fedorov, Aleksei"]
[Black "Votava, Jan"]
[WhiteElo "2567"]
[BlackElo "2522"]
[Result "1/2-1/2"]

1. e4  e5  2. Nf3  Nc6
3. Bc4  Nf6  4. d3
Be7  5. O-O  O-O
6. a4  d6  7. h3
Be6  8. Nc3  Nd4
9. Nxd4  exd4  10. Bxe6
fxe6  11. Ne2  c5
12. Ng3  Qd7  13. Qe2
Rf7  14. Bd2  Raf8
15. b3  Ne8  16. f4
g6  17. Rf3  Ng7
18. Raf1  Bh4  19. Nh1
e5  20. fxe5  Rxf3
21. Rxf3  Rxf3  22. Qxf3
dxe5  23. Nf2  h5
24. Nd1  Qf7  25. Nb2
Qxf3  26. gxf3  Kf7
27. Nc4  Ke6  28. f4
Bf6  29. Kg2  a6
30. a5  exf4  31. Bxf4
Ne8  32. Kf3  Be7
33. Be5  g5  34. b4
cxb4  35. Bxd4  Nd6
36. Nd2  Nb5  37. Bb6
Na3  38. d4  Bf6
39. e5  Bxe5  40. dxe5
Kxe5  41. Ke2  Nxc2
42. Nf3+  Kf5  43. Kd3
b3  44. Nd2  Ne1+
45. Ke2  Ng2  46. Nxb3
Nf4+  47. Kf1  Nxh3
48. Nc5  Nf4  49. Nxb7
Ne6  50. Nc5  1/2-1/2

[Event "tht Extraliga 16/17,BSS Frydek Mistek-Rapid Pardubice"]
[Site "Pardubice"]
[Date "2016.10.09"]
[Round "2.4"]
[White "Petr, Martin"]
[Black "Zwardon, Vojtech"]
[WhiteElo "2493"]
[BlackElo "2413"]
[Result "1-0"]

1. e4  c5  2. Nf3  Nc6
3. d4  cxd4  4. Nxd4
g6  5. c4  Nf6
6. Nc3  Nxd4  7. Qxd4  d6
8. Be3  Bg7  9. f3
O-O  10. Qd2  Be6
11. Rc1  Qa5  12. Nd5
Qxd2+  13. Kxd2  Bxd5
14. cxd5  Rfc8  15. Be2
a6  16. Rxc8+  Rxc8
17. Rc1  Rxc1  18. Kxc1
Kf8  19. Kc2  e6
20. dxe6  fxe6  21. b4
Ke7  22. g4  Nd7
23. f4  Nb8  24. b5
axb5  25. Bxb5  Nd7
26. h3  Nc5  27. e5
b6  28. a4  dxe5
29. a5  Kd6  30. axb6
exf4  31. Bxf4+  Be5
32. Bg5  Nb7  33. Be3
Nc5  34. g5  Kd5
35. Be8  Bd4  36. Bxd4
Kxd4  37. h4  Ke5
38. Kc3  Nb7  39. Kc4
Kf4  40. Bc6  Nd8
41. Bh1  e5  42. Kd5
Kf5  43. Bg2  Kf4
44. Be4  Nb7  45. Kc6
Na5+  46. Kb5  Nb3
47. Bd5  1-0

[Event "tht Extraliga 16/17,BSS Frydek Mistek-Rapid Pardubice"]
[Site "Pardubice"]
[Date "2016.10.09"]
[Round "2.5"]
[White "Rojicek, Vojtech"]
[Black "Marek, Matyas"]
[WhiteElo "2406"]
[BlackElo "2381"]
[Result "1/2-1/2"]

1. Nf3  Nf6  2. c4  e6
3. g3  a6  4. Bg2
b5  5. b3  c5
6. O-O  Bb7  7. Nc3  Qb6
8. Re1  Nc6  9. e4
d6  10. Qe2  Be7
11. d3  1/2-1/2

[Event "tht Extraliga 16/17,BSS Frydek Mistek-Rapid Pardubice"]
[Site "Pardubice"]
[Date "2016.10.09"]
[Round "2.6"]
[White "Konopka, Michal"]
[Black "Szotkowski, Jakub"]
[WhiteElo "2398"]
[BlackElo "2408"]
[Result "1/2-1/2"]

1. Nf3 c5  2. c4  Nc6  3. Nc3
g6  4. e3  Bg7
5. d4  d6  6. d5  Ne5
7. Nxe5  Bxe5  8. Bd3
Nh6  9. e4  Bg7
10. O-O  O-O  11. h3  f5
12. exf5  Nxf5  13. Re1
Rf7  14. Bd2  Nd4
15. Ne4  Bf5  16. Bc3
Bxe4  17. Rxe4  Qf8
18. Qe1  Be5  19. Rg4
Rf4  20. Qe3  Rxg4
21. hxg4  Qf6  22. Re1
Rf8  23. g5  Qf4
24. Qxf4  Rxf4  25. f3
Rf7  26. Re4  Bf4
27. Bxd4  cxd4  28. Kf1
Bxg5  29. c5  dxc5
30. d6  exd6  31. Bc4
Kf8  32. Bxf7  Kxf7
33. f4  Bf6  34. g4
g5  35. fxg5 Be5  36. Ke2
Kg6  37. a4  c4
38. Kf3  Kxg5  39. Re1  c3
40. bxc3  dxc3  41. Rh1
h6  42. Rh5+  Kg6
43. Ke3  b6  44. Kd3
a6  45. Kc2  b5
46. axb5  axb5  47. Rf5  b4
48. Kb3  Bd4  49. Rh5
Be3  50. Rd5  Bf4
51. Rf5  Be5  52. Rh5
Bf6  53. Rf5  Be5
1/2-1/2

[Event "tht Extraliga 16/17,BSS Frydek Mistek-Rapid Pardubice"]
[Site "Pardubice"]
[Date "2016.10.09"]
[Round "2.7"]
[White "Jasny, Stanislav"]
[Black "Pulpan, Jakub"]
[WhiteElo "2368"]
[BlackElo "2382"]
[Result "0-1"]

1. e4  c5  2. Nf3  d6
3. d4  cxd4  4. Nxd4
Nf6  5. Nc3  a6
6. Be3  Ng4  7. Bg5  h6
8. Bh4  g5  9. Bg3
Bg7  10. Be2  h5
11. h4  gxh4  12. Bxh4
Nc6  13. Nb3  Be6
14. Qd2  Qb6  15. Bxg4
hxg4  16. O-O-O  Ne5
17. Nd5  Bxd5  18. Qxd5
Rc8  19. c3  a5
20. Qxa5  Qxa5  21. Nxa5  Ra8
22. Nb3  Rxa2  23. Kb1
Ra4  24. Nd2  b5
25. Bg3  Rxh1  26. Rxh1
b4  27. Bxe5  Bxe5
28. c4  b3  29. Nxb3
Rb4  30. Kc2  Rxc4+
31. Kd3  Rb4  32. Nd2
Rxb2  33. Rh4  Bf4
34. Nc4  Rxf2  35. Rxg4
f6  36. Ne3  Bg5
37. Nc4  Kf7  38. e5
dxe5  39. Nxe5+  Ke6
40. Nc4  Kf5  41. Re4
e5  42. Re2  Rf1
43. Ra2  Kg4  44. Ke2
Rf4  45. Rc2  Kg3
46. Kd3  Rd4+  47. Kc3
Rd7  48. Re2  Bf4
49. Nb2  f5  50. Nd3
Rc7+  51. Kb3  e4
52. Nb4  Rc5  53. Nc2
Rd5  54. Kc4  Rd8
55. Nd4  Kg4  56. Ne6
Rd6  57. Nc5  e3
58. Nd3  Bh6  59. Kc3
Kg3  60. Kc4  Bg5
61. Kc3  f4  62. Nc5
Bf6+  63. Kb3  Rd4
64. Ne6  Rd3+  65. Kc2
Rd6  66. Nf8  Be7
0-1

[Event "tht Extraliga 16/17,BSS Frydek Mistek-Rapid Pardubice"]
[Site "Pardubice"]
[Date "2016.10.09"]
[Round "2.8"]
[White "Machan, Jan"]
[Black "Vesselovsky, Serguei"]
[WhiteElo "2297"]
[BlackElo "2333"]
[Result "1/2-1/2"]

1. d4  Nf6  2. Nf3  e6
3. c4  b6  4. g3
Ba6  5. b3  Bb7
6. Bg2  Bb4+  7. Bd2  Bxd2+
8. Qxd2  O-O  9. Nc3
Ne4  10. Nxe4  Bxe4
11. O-O  d6  12. Qf4
f5  13. Rfd1  Qe7
14. Qg5  Re8  15. Qh5
Nd7  16. Ng5  Nf6
17. Qh3  Bxg2  1/2-1/2

[Event "tht Extraliga 16/17,BSS Frydek Mistek-SK Slavoj Poruba"]
[Site "Frydek-Mistek"]
[Date "2016.12.10"]
[Round "3.1"]
[White "Azarov, Sergei"]
[Black "Mista, Alexander"]
[WhiteElo "2600"]
[BlackElo "2592"]
[Result "0-1"]

1. e4  c5  2. Nf3  d6
3. d4  cxd4  4. Nxd4
Nf6  5. Nc3  g6
6. Be3  Bg7  7. f3  O-O
8. Qd2  Nc6  9. g4
Be6  10. h4  d5
11. e5  Nxe5  12. h5  Nxf3+
13. Nxf3  Bxg4  14. h6
Bh8  15. Ne5  Bf5
16. Bd4  Ne4  17. Nxe4
Bxe4  18. Rg1  Qd6
19. Ng4  e5  20. Bc3
Qe6  21. Nf2  Bf5
22. Bg2  d4  23. Bb4
e4  24. Bxf8  e3
25. Qe2  exf2+  26. Kxf2
Rxf8  27. Qxe6  fxe6
28. Ke2  Bxc2  29. Bh3
d3+  30. Ke3  Bxb2
31. Raf1  Re8  32. Rg4
Ba3  33. Re4  e5
34. Kd2  Bf8  35. Bd7
Bxh6+  36. Kc3  Re7
37. Bb5  Kg7  38. a4
Bg5  39. Bxd3  Bxd3
40. Kxd3  b6  41. Rc4
Bf4  42. Ke4  Rd7
43. Rf2  h5  44. Rg2
h4  45. Rc6  Bg3
46. Rgc2  Rd4+  47. Kf3
Rf4+  48. Kg2  Rxa4
49. Re6  Kh6  50. Rcc6
Rg4  51. Kh3  Rg5
52. Rc8  Bf2  53. Rh8+
Kg7  54. Ree8  Rg3+
55. Kh2  Bg1+  56. Kh1
g5  57. Rhg8+  Kf6
58. Rgf8+  Kg6  59. Re6+
Kh5  60. Rxe5  Be3
61. Rf7  a5  62. Rd5
Kg4  63. Rd1  Rf3
64. Re7  Bc5  65. Re4+
Kf5  66. Re8  a4
0-1